00581nam a2200193Ia 4500003000900000008004100009040001300050040001300063041000900076100002000085100000900105245008100114250001100195260003000206260000900236300001200245490000600257600012400263IT-RoPAU120407s9999 xx 000 0 und d aIT-RoPAU cIT-RoPAU alat  aReine Kaczynski ccur. aEnchiridion Documentorum Instaurationis Liturgicae. A cura di R. Kaczynski aTorino aMarietti - Ed. Liturgiche c1976 c19,5 cm v2 a"v. 1°: Anni 1963 - 1973 XVI - 1222 p. v. 2°: Anni 1973 - 1983 XIII - 668 p. "